常用漢字配当サドンデス - Statistics

General Stats
  • This quiz has been taken 208 times
  • The average score is 8 of 30
Answers on the Grid
Answers color-coded by a green-red scale on the quiz's grid according to % correct below.
 
Answer Stats
Answer % Correct
53%
51%
47%
41%
39%
38%
37%
35%
33%
33%
30%
29%
27%
26%
26%
26%
23%
23%
22%
22%
21%
21%
21%
21%
20%
20%
19%
19%
16%
13%
No matching quizzes found
Score Distribution
Percent of People with Each Score
Percentile by Number Answered
Your Score History
You have not taken this quiz